HR from the outside in : (Record no. 71507)

MARC details
000 -LEADER
fixed length control field 01354nam a22002777a 4500
005 - DATE AND TIME OF LATEST TRANSACTION
control field 20121120160558.0
008 - FIXED-LENGTH DATA ELEMENTS--GENERAL INFORMATION
fixed length control field 121120t xxu||||| |||| 00| 0 eng d
010 ## - LCCN (DPL NO)
LC control number ENG-106176
020 ## - INTERNATIONAL STANDARD BOOK NUMBER
International Standard Book Number 9781259061059
Terms of availability 575.00
020 ## - INTERNATIONAL STANDARD BOOK NUMBER
International Standard Book Number 1259061051
Terms of availability 575.00
035 ## - SYSTEM CONTROL NUMBER
System control number EN-89709
037 ## - SOURCE OF ACQUISITION
Source of stock number/acquisition DBAD/PUB
040 ## - CATALOGING SOURCE
Original cataloging agency DLC
082 00 - DEWEY DECIMAL CLASSIFICATION NUMBER
Classification number 658.3
Edition number 23
245 00 - TITLE STATEMENT
Title HR from the outside in :
Remainder of title the next era of human resources transformation /
Statement of responsibility, etc by Dave Ulrich ... [et al]
260 ## - PUBLICATION, DISTRIBUTION, ETC. (IMPRINT)
Place of publication, distribution, etc New Delhi
Name of publisher, distributor, etc Tata McGraw-Hill
Date of publication, distribution, etc c2012.
270 ## - ADDRESS
Address 7 West Patel Nagar
City New Delhi
Postal code 110008
300 ## - PHYSICAL DESCRIPTION
Extent 318p.
Dimensions 25cm(Hb)
500 ## - GENERAL NOTE
General note Includes bibliographical references and index.
505 0# - FORMATTED CONTENTS NOTE
Formatted contents note Next generation HR -- Research approach and findings -- Strategic positioner -- Credible activist -- Capability builder -- Change champion -- HR innovator and integrator -- Technology proponent -- Developing yourself as an HR professional -- The effective HR department -- What's so, so what, now what?
650 #0 - SUBJECT ADDED ENTRY--TOPICAL TERM
Topical term or geographic name as entry element Personnel management.
9 (RLIN) 53653
700 1# - ADDED ENTRY--PERSONAL NAME
Personal name Ulrich, David,
Dates associated with a name 1953-
9 (RLIN) 53654
942 ## - ADDED ENTRY ELEMENTS (KOHA)
Source of classification or shelving scheme Dewey Decimal Classification
Item type English Books
Classification part 658.3
Call number suffix HRF
Holdings
Withdrawn status Lost status Source of classification or shelving scheme Damaged status Not for loan Collection code Home library Current library Date acquired Source of acquisition Cost, normal purchase price Total Checkouts Full call number Barcode Date last seen Copy number Cost, replacement price Koha item type
    Dewey Decimal Classification   Not For Loan Non-fiction D.B.Act.Division D.B.Act.Division 20/11/2012 DBAD/PUB 575.00   658.3 HRF EN-89709 20/11/2012 1 575.00 English Books

© Delhi Public Library
Hit Counter
free hit counter